Chandra Shekhar Azad (Record no. 2858)
[ view plain ]
| 000 -LEADER | |
|---|---|
| fixed length control field | 00221nam a22000857a 4500 |
| 008 - FIXED-LENGTH DATA ELEMENTS--GENERAL INFORMATION | |
| fixed length control field | 160822b xxu||||| |||| 00| 0 eng d |
| 100 ## - MAIN ENTRY--PERSONAL NAME | |
| 9 (RLIN) | 201 |
| Personal name | Bharat |
| 245 ## - TITLE STATEMENT | |
| Title | Chandra Shekhar Azad |
| 260 ## - PUBLICATION, DISTRIBUTION, ETC. (IMPRINT) | |
| Place of publication, distribution, etc. | New Delhi |
| Name of publisher, distributor, etc. | R.P.B publishers |
| Date of publication, distribution, etc. | 2006 |
| Withdrawn status | Lost status | Source of classification or shelving scheme | Damaged status | Koha normalized classification for sorting | Not for loan | Home library | Current library | Shelving location | Date acquired | Total Checkouts | Full call number | Barcode | Date last seen | Date last checked out | Price effective from | Koha item type |
|---|---|---|---|---|---|---|---|---|---|---|---|---|---|---|---|---|
| Dewey Decimal Classification | 920_000000000000000 | Good Samaritan School Library | Good Samaritan School Library | History | 08/22/2016 | 3 | 920 | BHA10850 | 11/11/2024 | 10/07/2024 | 08/22/2016 | BOOK |